10 Hallmarks of Cancer - Statistics

General Stats
  • This quiz has been taken 22 times
  • The average score is 1 of 10
Answer Stats
Hint Answer % Correct
Hallmark 2 Angiogenesis
75%
Enabling Characteristic 1 Tumor promoting inflammation
25%
Enabling Characteristic 2 Genome instability and mutation
13%
Hallmark 3 Unlimited replicative potential
13%
Emerging Hallmark 1 Avoiding immune destruction
0%
Hallmark 6 Evasion of cell death
0%
Hallmark 5 Evasion of growth inhibitory signals
0%
Hallmark 1 Growth signal autonomy
0%
Hallmark 4 Invasion and Metastasis
0%
Emerging Hallmark 2 Reprogramming Energy metabolism
0%
No matching quizzes found
Score Distribution
Percent of People with Each Score
Percentile by Number Answered
Your Score History
You have not taken this quiz